| 000 | 01464nam a22002774c 4500 | ||
|---|---|---|---|
| 003 | AR-BaSMT | ||
| 008 | 260325b2024 ag||||br|||| 000 1bspa d | ||
| 020 | _a9786313010431 | ||
| 040 |
_aBSGB _bespañol _cBSGB _erda |
||
| 041 | 0 |
_aspa _hespañol |
|
| 080 | _a82-31 VAR | ||
| 100 | 1 |
_aVargas, Sebastián _929 |
|
| 245 | 1 | 4 | _aSon Tumikes |
| 250 | _aPrimera edición | ||
| 264 | 1 |
_aBuenos aires : _bAlfaguara , _c2024 |
|
| 300 | _a112 páginas | ||
| 336 |
_2rdacontent _atexto _btxt |
||
| 337 |
_2rdamedia _asin mediación _bn |
||
| 338 |
_2rdacarrier _avolumen _bnc |
||
| 520 | 1 |
_aVinieron del planeta Tumik en naves destartaladas. Sin nada, con las cuatro manos vacías. De color naranja casi fosforescente, se alimentan de la corteza de los árboles y quedan fascinados cuando ven un par de zapatos. Son raros. Demasiado. Y los humanos no saben qué hacer con ellos.
Con ingenio y mucha fantasía, Sebastián Vargas demuestra que la ciencia ficción no solo abre puertas hacia un futuro aún desconocido. Son tumikes es también una invitación a pensar en temas tan actuales como las diferencias, la discriminación, la tolerancia y el respeto. Quizás, en el fondo, no seamos tan distintos... _uhttps://www.penguinlibros.com/ar/a-partir-de-9-anos/340444-ebook-son-tumikes-9786313010561 25/03/2026 |
|
| 521 | _aA partir de 9 años | ||
| 650 | 7 |
_98 _aLITERATURA INFANTIL |
|
| 650 | 7 |
_95 _aNOVELA _zArgentina |
|
| 942 |
_2ddc _aBOOK |
||
| 999 |
_c601 _d601 |
||